000 00440cam a2200157ua 4500
041 _amal
_h
082 _a894.812 803
_bSEB/OR
100 _aSebastain, Kunjukunju Bhagavathar .
245 _aOur Nadante athmakatha /
_cSebastian Kunjukunju Bhagavathar.
_hTextual Documents
250 _a1 /
_b.
260 _a :
_bSahitya Pravarthaka Co-operative Society ,
_c1964.
300 _a ; .
504 _a
942 _cBK
999 _c3951
_d3951